00426nam a2200181Ia 4500003000400000005001700004008004100021020001900062040000700081041000800088082001700096100001500113245002700128260004800155300000900203650001400212700001800226OSt20250801153456.0250729s2006 xx 000 0 und d a978-8171413683 cAl aeng a371.333 SINB aSingh, U.K aBroadcasting Education aNew DelhibDiscovery Publishing Housec2006 a207p aEducation aSudarshan K N